| 000 | 00515cam a22002171 4500 | ||
|---|---|---|---|
| 001 | sa 68009139 | ||
| 003 | DLC | ||
| 005 | 20260227112540.0 | ||
| 008 | 890920s1968 ii 000 1 beno | ||
| 010 | _asa 68009139 | ||
| 035 | _a(OCoLC)20372337 | ||
| 040 |
_aDLC _cWaU _dDLC |
||
| 042 | _apremarc | ||
| 050 | 0 | 0 |
_aPK1718.C423 _bD5 |
| 100 | 1 |
_aChatterjee, Hari Narayan, _d1916- |
|
| 245 | 1 | 0 | _aDhūsara diganta. |
| 260 | _c[1968] | ||
| 300 |
_a228 p. _c23 cm. |
||
| 500 | _aIn Bengali. | ||
| 500 | _aA novel. | ||
| 999 |
_c82745 _d82745 |
||